00948nam a2200229 i 450000100060000000300090000600500170001500700030003200800410003508000170007610000490009324501650014226000410030730000290034849000380037770000510041570000490046683000460051585200200056199900170058195201200059820482ES-MaACL20250927102847.0t|021113q1913 fr ||||1| fre d a276(Agustin)0 aAgustín cSanto, Obispo de Hipona.912556314aLes confessions de Saint Augustin / ctraduction française d'Arnauld d'Andilly ; revue et adaptés pour le première fois au texte latin par M. Charpentier. aParis : bGrarnier Freres, c[1913?] aXXXVI, 602 p. ; c10 cm.1 aBibliothèque Latine-Française1 aArnaud d'Andilly, Robert (d1588-1674)91257101 aCharpentier, Jean-Pierre, d1797-18789381090 aBibliothèque Latine-Française9188147 aES-MaACLjG-626 c20482d20482 00104070aATENEOMbATENEOMcDEPO2d2008-01-17eSCl0oG-626p1021025r2023-02-23 00:00:00w2023-02-23yMONOGRAFIA